Every Song by the Verve - Statistics

General Stats
  • This quiz has been taken 17 times
    16 since last reset
  • The average score is 13 of 80
Answer Stats
Album Song % Correct
Urban Hymns(1997) Bitter Sweet Symphony
100%
Urban Hymns(1997) The Drugs Don't Work
73%
Urban Hymns(1997) Sonnet
67%
Urban Hymns(1997) Lucky Man
60%
Urban Hymns(1997) Space and Time
40%
A Northern Soul(1995) A Northern Soul
33%
Urban Hymns(1997) Come On
33%
A Northern Soul(1995) History
33%
Urban Hymns(1997) One Day
33%
Urban Hymns(1997) Velvet Morning
33%
Urban Hymns(1997) Weeping Willow
33%
A Storm in Heaven(1993) Blue
27%
Forth(2008) Love is Noise
27%
A Storm in Heaven(1993) Make It 'Til Monday
27%
A Northern Soul(1995) On Your Own
27%
A Storm in Heaven(1993) Slide Away
27%
Urban Hymns(1997) The Rolling People
27%
A Northern Soul(1995) This is Music
27%
Urban Hymns(1997) This Time
27%
Wigan Demos(1991) All in the Mind
20%
Forth(2008) Appalachian Springs
20%
A Storm in Heaven(1993) Butterfly
20%
Urban Hymns(1997) Catching the Butterfly
20%
Forth(2008) Columbo
20%
Verve(1992) Gravity Grave
20%
Forth(2008) I See Houses
20%
Forth(2008) Judas
20%
This Is Music: The Singles 92–98(2004) Monte Carlo
20%
Urban Hymns(1997) Neon Wilderness
20%
Forth(2008) Noise Epic
20%
A Northern Soul(1995) No Knock on My Door
20%
A Northern Soul(1995) (Reprise)
20%
A Storm in Heaven(1993) See You in the Next One (Have a Good Time)
20%
Verve(1992) She's a Superstar
20%
Forth(2008) Sit and Wonder
20%
A Northern Soul(1995) So it Goes
20%
A Storm in Heaven(1993) Star Sail
20%
Forth(2008) Valium Skies
20%
A Storm in Heaven(1993) Virtual World
20%
A Storm in Heaven(1993) Already There
13%
Verve(1992) A Man Called Sun
13%
A Northern Soul(1995) A New Decade
13%
A Northern Soul(1995) Life's an Ocean
13%
Forth(Bonus)(2008) Muhammad Ali
13%
No Come Down(1994) No Come Down
13%
Forth(2008) Rather Be
13%
A Northern Soul(1995) Stormy Clouds
13%
A Storm in Heaven(1993) The Sun, the Sea
13%
This Is Music: The Singles 92–98(2004) This Could Be My Moment
13%
No Come Down(1994) 6 O'Clock
7%
A Storm in Heaven(1993) Beautiful Mind
7%
A Northern Soul(1995) Brainstorm Interlude
7%
Verve(1992) Feel
7%
Voyager 1(1993) South Pacific
7%
Urban Hymns(Bonus)(1997) Country Song
0%
Urban Hymns(Hidden)(1997) Deep Freeze
0%
A Northern Soul(1995) Drive You Home
0%
Urban Hymns(Bonus)(1997) Echo Bass
0%
Verve(1992) Endless Life
0%
Wigan Demos(1991) Here She Comes
0%
Wigan Demos(1991) Higher I Go
0%
This Is Music: The Singles 92–98(Bonus)(2004) I See the Door
0%
Wigan Demos(1991) Just to See You Move
0%
Urban Hymns(Bonus)(1997) Lord I Guess I'll Never Know
0%
Forth(Bonus)(2008) Ma Ma Soul
0%
Urban Hymns(Bonus)(1997) MSG
0%
Urban Hymns(Bonus)(1997) Never Wanna See You Cry
0%
Forth(2008) Numbness
0%
Voyager 1(1993) One Way to Go
0%
Wigan Demos(1991) Open Your Eyes
0%
Urban Hymns(Bonus)(1997) So Sister
0%
Urban Hymns(Bonus)(1997) Stamped
0%
Urban Hymns(Bonus)(1997) The Crab
0%
Urban Hymns(Bonus)(1997) The Longest Day
0%
Non-Album(2007) The Thaw Session
0%
Urban Hymns(Bonus)(1997) Three Steps
0%
No Come Down(1994) Twilight
0%
Wigan Demos(1991) Verve are Rising
0%
No Come Down(1994) Where the Geese Go
0%
Wigan Demos(1991) Who's Clean
0%
No matching quizzes found
Score Distribution
Percent of People with Each Score
Percentile by Number Answered
Your Score History
You have not taken this quiz since the last reset